000 01761nam0a2200325 4500
001 RU\NLR\bibl\867716
005 20250614161018.0
010 _a5-93362-303-2
_9200
021 _aRU
_b2005-62319
_93059
035 _a(NLR Aleph) 000856354
090 _a1512055
_c1512055
100 _a20051108d2005 |||y0rusy50 ca
101 0 _arus
102 _aRU
105 _ay |||||||||
200 1 _aОрганическая химия
_eучебное пособие для студентов высших учебных заведений, обучающихся по специальности 351100 "Товароведение и экспертиза товаров"
_fА.С. Скобун, Ю.В. Приходько, Т.А. Ткаченко
_gМ-во образования и науки Гос. Федерации, Федер. агентство по образованию, Тихоокеан. гос. экон. ун-т
210 _aВладивосток
_cИзд-во Тихоокеанского государственного экономического университета
_d2005
215 _a203,[1] с.
_d20
320 _aБиблиогр.: с. 202
606 1 _aОрганическая химия
_jУчебные издания для высших учебных заведений
_91049152
_3RU\NLR\auth\6687223
686 _aГ2я73-1
700 1 _aСкобун
_bА. С.
_gАндрей Степанович
_4070
701 1 _aПриходько
_bЮ. В.
_gЮрий Вадимович
_4070
701 1 _aТкаченко
_bТ. А.
_gТамара Анатольевна
_4070
801 0 _aRU
_bNLR
_c20051108
_grcr
801 1 _aRU
_bNLR
_c20051108
830 _aавт. раскрыты по кн.
942 _cBOOK
980 _aNB
980 _aNBR